ბათუმის შოთა რუსთაველის სახელმწიფო უნივერსიტეტის ბიბლიოთეკა

Определитель пресноводных рыб фауны СССР. (ბიბ.ჩანაწერი № 35010)

000 -LEADER
fixed length control field 00662nam a2200229Ia 4500
001 - CONTROL NUMBER
control field 848
003 - CONTROL NUMBER IDENTIFIER
control field GE_BSU
008 - FIXED-LENGTH DATA ELEMENTS--GENERAL INFORMATION
fixed length control field 181216s||||||||xx |||||||||||||| ||und||
040 ## - CATALOGING SOURCE
Transcribing agency GE_BSU
080 ## - UNIVERSAL DECIMAL CLASSIFICATION NUMBER
Universal Decimal Classification number 597.2/5(072)
100 ## - MAIN ENTRY--PERSONAL NAME
Personal name Веселов,Е.А.
245 ## - TITLE STATEMENT
Title Определитель пресноводных рыб фауны СССР.
245 ## - TITLE STATEMENT
Remainder of title Пособие для учителей
260 ## - PUBLICATION, DISTRIBUTION, ETC.
Place of publication, distribution, etc. Москва
260 ## - PUBLICATION, DISTRIBUTION, ETC.
Name of publisher, distributor, etc. Просвещение
260 ## - PUBLICATION, DISTRIBUTION, ETC.
Date of publication, distribution, etc. 1977
300 ## - PHYSICAL DESCRIPTION
Extent 238стр.
520 ## - SUMMARY, ETC.
Summary, etc. илл.
653 ## - INDEX TERM--UNCONTROLLED
Uncontrolled term Определитель пресноводных рыб фауны СССР.
653 ## - INDEX TERM--UNCONTROLLED
Uncontrolled term Фауна
942 ## - ADDED ENTRY ELEMENTS (KOHA)
Koha item type წიგნი
ეგზემპლარები
Withdrawn status Lost status Damaged status Not for loan Date acquired Barcode Date last seen Price effective from Koha item type
        2018-12-17 2014 2018-12-17 2018-12-17 წიგნი